[Event "1. liga - V 17/18"]
[Site ""]
[Date "2018.01.07"]
[Round "5.7"]
[White "Kawulok, Marek"]
[Black "Kapusta, Petr"]
[Result "0-1"]
[WhiteElo "2153"]
[BlackElo "2140"]
[PlyCount "0"]
[WhiteTeam "Slavoj Cesky Tesin"]
[BlackTeam "Slavia Kromeriz"]
[EventDate "2017.10.22"]

1. e4 c5 2. Nf3 d6 3. c3 Nf6 4. Be2 Nc6 5. d4 e6 6. d5 exd5 7. exd5 Ne5 8. O-O
Nxf3+ 9. Bxf3 Be7 10. Nd2 O-O 11. Qb3 Re8 12. Nc4 Bf8 13. Bg5 h6 14. Bh4 g5 15.
Bg3 h5 16. h3 g4 17. hxg4 hxg4 18. Bd1 Ne4 19. Bc2 Nxg3 20. fxg3 Qg5 21. Rad1
b6 22. Rf4 Bd7 23. Bh7+ Kxh7 24. Rxf7+ Kg8 25. Rxd7 Re2 26. Rf1 b5 27. Qd1 Rae8
28. Qd3 Qh5 29. Nxd6 R8e3 30. Qf5 Rxg2+ 31. Kxg2 Qh3+ 32. Kg1 Rxg3+ 33. Kf2
Rg2+ 34. Ke1 Qe3+ 35. Kd1 Qd2# 0-1

[Event "1. liga - V 17/18"]
[Site ""]
[Date "2018.01.07"]
[Round "5.8"]
[White "Stachon, Martin"]
[Black "Gibiec, Ernest"]
[Result "0-1"]
[WhiteElo "2163"]
[BlackElo "2158"]
[PlyCount "0"]
[WhiteTeam "Slavia Kromeriz"]
[BlackTeam "Slavoj Cesky Tesin"]
[EventDate "2017.10.22"]

1. e4 d6 2. d4 Nf6 3. Nc3 g6 4. Nf3 Bg7 5. Be2 O-O 6. O-O c6 7. a4 Qc7 8. h3
Nbd7 9. Re1 e5 10. Bf1 Re8 11. dxe5 dxe5 12. a5 Nc5 13. Bc4 Be6 14. Qe2 b5 15.
axb6 axb6 16. Rxa8 Rxa8 17. b4 b5 18. Bxb5 Ncxe4 19. Nxe4 Nxe4 20. Qxe4 Bd5 21.
Qe2 cxb5 22. Qxb5 Bxf3 23. gxf3 Qxc2 24. Be3 Qc8 25. Kg2 Rb8 26. Qc5 Qb7 27.
Rb1 e4 28. f4 Rc8 29. Qa7 Qb5 30. Rc1 Rxc1 31. Bxc1 Bf8 32. Qc7 Qxb4 33. Qe5
Qe7 34. Bb2 Qxe5 35. fxe5 Bc5 36. Kg3 Kf8 37. Kf4 Ke7 38. Kxe4 Bxf2 39. Bc1 Ke6
40. Bf4 Be1 41. Be3 Bc3 42. Bf4 Ba1 43. Bh2 g5 44. Bg3 Bb2 45. h4 g4 46. Bf4 h5
47. Bh2 Bc3 48. Bg3 Ba5 49. Bf2 Bd8 50. Be1 Bc7 51. Bc3 g3 52. Bd4 Bd8 53. Kf4
Bxh4 54. Ba7 Kd5 55. Bb6 Kc4 56. Kf3 Kd5 57. Kg2 Kxe5 58. Kh3 Bg5 59. Kxg3 Ke4
60. Bc7 f5 61. Kg2 Bf6 62. Bg3 Be5 63. Bh4 f4 64. Be1 f3+ 65. Kh3 Ke3 66. Ba5
Bd4 67. Be1 Ke2 68. Bg3 Be5 69. Bh4 Bf4 70. Bg3 Bxg3 0-1

[Event "1. liga - V 17/18"]
[Site ""]
[Date "2018.01.07"]
[Round "5.1"]
[White "Havelka, Josef"]
[Black "Caletka, Radomir"]
[Result "1/2-1/2"]
[WhiteElo "2344"]
[BlackElo "2291"]
[PlyCount "0"]
[WhiteTeam "Panda Rychnov nad Kneznou A"]
[BlackTeam "KVS Ekodivize Opava"]
[EventDate "2017.10.22"]

1. e4 c6 2. d4 d5 3. e5 Bf5 4. Nf3 e6 5. Be2 Ne7 6. O-O c5 7. dxc5 Nec6 8. c3
Nd7 9. Nd4 Nxc5 10. b4 Nxd4 11. cxd4 Nd7 12. a3 Be7 13. Be3 Rc8 14. Nd2 Bc2 15.
Qe1 O-O 16. Nf3 Nb6 17. Qd2 Be4 18. Rfc1 Bxf3 19. Bxf3 Nc4 20. Qa2 Bg5 21. Re1
Nxe3 22. fxe3 Rc3 23. Qf2 f5 24. exf6 Qxf6 25. Qd2 Rb3 26. Rac1 Rxa3 27. Rc3
Rxc3 28. Qxc3 Qh6 29. Qd3 Bh4 30. Rd1 Be7 31. e4 Bd6 32. g3 dxe4 33. Qxe4 Bxb4
34. d5 exd5 35. Rxd5 a5 36. Kg2 b6 37. Bg4 Qc6 38. Kh3 Re8 39. Qd3 Qg6 40. Qc4
Kh8 41. Kg2 Qf6 42. Rf5 Qe7 43. Kh3 Rf8 44. Rh5 Qf7 45. Qe4 Qf1+ 46. Kh4 h6 47.
Rf5 Qa1 48. Rxf8+ Bxf8 49. Kh5 Qf6 50. h4 b5 51. Qg6 a4 52. Be6 Qxg6+ 53. Kxg6
b4 54. h5 b3 55. Kf7 Bb4 56. g4 Bc3 57. Bd5 Bd4 58. Be6 Bc3 59. Bd5 Bf6 1/2-1/2

[Event "1. liga - V 17/18"]
[Site ""]
[Date "2018.01.07"]
[Round "5.2"]
[White "Nabelek, Marek"]
[Black "Zeberski, Jakub"]
[Result "1/2-1/2"]
[WhiteElo "2223"]
[BlackElo "2326"]
[PlyCount "0"]
[WhiteTeam "KVS Ekodivize Opava"]
[BlackTeam "Panda Rychnov nad Kneznou A"]
[EventDate "2017.10.22"]

1. e4 e6 2. Nf3 c5 3. b3 a6 4. Qe2 Nc6 5. Bb2 d6 6. g3 Nf6 7. Bg2 Be7 8. O-O
O-O 9. d4 cxd4 10. Nxd4 Bd7 11. Rd1 Qc7 12. c4 b5 13. cxb5 Nxd4 14. Bxd4 Bxb5
15. Qe3 1/2-1/2

[Event "1. liga - V 17/18"]
[Site ""]
[Date "2018.01.07"]
[Round "5.3"]
[White "Kozusek, Daniel"]
[Black "Zalesky, Karel"]
[Result "1-0"]
[WhiteElo "2246"]
[BlackElo "2029"]
[PlyCount "0"]
[WhiteTeam "Panda Rychnov nad Kneznou A"]
[BlackTeam "KVS Ekodivize Opava"]
[EventDate "2017.10.22"]

1. d4 Nf6 2. c4 e6 3. g3 Bb4+ 4. Bd2 Be7 5. Bg2 d5 6. Nf3 Ne4 7. Bf4 Nd7 8. O-O
O-O 9. Qc2 Bd6 10. Bxd6 cxd6 11. cxd5 exd5 12. Nc3 Nxc3 13. Qxc3 Re8 14. e3 Nf6
15. Qb3 Re7 16. Rfc1 h6 17. Ne1 Be6 18. Nd3 g5 19. Nb4 Qa5 20. Rc3 Kg7 21. Rac1
Rd8 22. a3 Qb6 23. Nd3 Qxb3 24. Rxb3 Rc8 25. Rxc8 Bxc8 26. Rc3 Bf5 27. Nb4 Be6
28. f3 a5 29. Nd3 Bf5 30. Nf2 Kf8 31. Kf1 a4 32. Ke2 Ke8 33. Kd2 Kd8 34. Bf1
Bd7 35. Rc1 h5 36. Bd3 g4 37. f4 Re8 38. Ke2 Rh8 39. Kf1 h4 40. Kg2 h3+ 41. Kf1
Re8 42. Ke2 Nh5 43. Kd2 f5 44. Re1 Kc7 45. Kc3 Nf6 46. Kb4 Kb6 47. Nd1 Ne4 48.
Bxe4 dxe4 49. Nc3 Ra8 50. Nd5+ Kc6 51. Nf6 d5 52. Rc1+ Kd6 53. Nxd7 Kxd7 54.
Rc5 Kd6 55. Kb5 Ra6 56. Rc8 Kd7 57. Rc2 Kd6 58. Rc5 Rc6 59. Rxc6+ bxc6+ 60. Kb4
c5+ 61. dxc5+ Kc6 62. b3 axb3 63. Kxb3 Kxc5 64. Kc3 d4+ 65. exd4+ Kb5 66. Kb3
Ka5 67. Kc4 Kb6 68. a4 Ka5 69. d5 Kb6 70. Kb4 Kc7 71. a5 Kd6 72. Kc4 1-0

[Event "1. liga - V 17/18"]
[Site ""]
[Date "2018.01.07"]
[Round "5.4"]
[White "Muzik, Martin"]
[Black "Kracik, Tomas"]
[Result "1/2-1/2"]
[WhiteElo "2182"]
[BlackElo "2230"]
[PlyCount "0"]
[WhiteTeam "KVS Ekodivize Opava"]
[BlackTeam "Panda Rychnov nad Kneznou A"]
[EventDate "2017.10.22"]

1. e4 c5 2. c3 e6 3. d4 d5 4. e5 Nc6 5. Nf3 Qb6 6. a3 c4 7. Nbd2 Na5 8. Be2 Bd7
9. O-O Nh6 10. Qe1 Ba4 11. Bd1 Bxd1 12. Qxd1 Be7 13. Ne1 O-O-O 1/2-1/2

[Event "1. liga - V 17/18"]
[Site ""]
[Date "2018.01.07"]
[Round "5.5"]
[White "Machlowski, Slawomir"]
[Black "Rambousek, Jan"]
[Result "0-1"]
[WhiteElo "2124"]
[BlackElo "2004"]
[PlyCount "0"]
[WhiteTeam "Panda Rychnov nad Kneznou A"]
[BlackTeam "KVS Ekodivize Opava"]
[EventDate "2017.10.22"]

1. g3 Nf6 2. Bg2 g6 3. c4 Bg7 4. Nc3 d6 5. b4 a5 6. b5 Nbd7 7. Rb1 Rb8 8. Nf3
e5 9. O-O O-O 10. d3 Nc5 11. Nd2 b6 12. Nb3 Nfd7 13. Nd5 Ne6 14. Ba3 Ndc5 15.
Qd2 h5 16. Bb2 h4 17. e3 f5 18. d4 Ne4 19. Qc2 hxg3 20. hxg3 exd4 21. exd4 Bd7
22. a4 Qg5 23. Bxe4 fxe4 24. Qxe4 Rbe8 25. Qh4 Qxh4 26. gxh4 Rf3 27. Bc1 Nxd4
28. Nxd4 Bxd4 29. Be3 Re4 30. Kg2 Rf7 31. Bg5 Bg4 32. f4 Re2+ 33. Kg3 Bf5 34.
Rbe1 Rc2 35. h5 gxh5 36. Ne7+ Kg7 37. Nxf5+ Rxf5 38. Rh1 Bf2+ 0-1

[Event "1. liga - V 17/18"]
[Site ""]
[Date "2018.01.07"]
[Round "5.6"]
[White "Panis, Radim"]
[Black "Kacirek, Petr"]
[Result "1/2-1/2"]
[WhiteElo "2082"]
[BlackElo "2277"]
[PlyCount "0"]
[WhiteTeam "KVS Ekodivize Opava"]
[BlackTeam "Panda Rychnov nad Kneznou A"]
[EventDate "2017.10.22"]

1. e4 e6 2. d4 d5 3. Nc3 Bb4 4. Nge2 dxe4 5. a3 Be7 6. Nxe4 Nf6 7. N2g3 O-O 8.
Be3 Nc6 9. Nxf6+ Bxf6 10. c3 e5 11. d5 Ne7 12. Bc4 Nf5 13. O-O Bg5 14. Nxf5
Bxf5 15. Qh5 h6 16. Bxg5 Qxg5 17. Qxg5 hxg5 18. Rfe1 Rfe8 19. Re3 1/2-1/2

[Event "1. liga - V 17/18"]
[Site ""]
[Date "2018.01.07"]
[Round "5.7"]
[White "Novotny, Josef"]
[Black "Chwistek, Karel"]
[Result "1-0"]
[WhiteElo "2044"]
[BlackElo "2051"]
[PlyCount "0"]
[WhiteTeam "Panda Rychnov nad Kneznou A"]
[BlackTeam "KVS Ekodivize Opava"]
[EventDate "2017.10.22"]

1. e3 d6 2. d3 e5 3. g3 g6 4. Bg2 Bg7 5. Ne2 f5 6. c3 Nf6 7. Na3 c6 8. b3 Be6
9. Bb2 Bd5 10. f3 Nbd7 11. e4 Be6 12. Nc4 Nb6 13. Ne3 O-O 14. exf5 gxf5 15. c4
e4 16. Nd4 Qe7 17. Bh3 exf3 18. Qxf3 Ng4 19. O-O Nxe3 20. Qxe3 Rae8 21. Qf2 Be5
22. Rae1 Qg7 23. Nxe6 Rxe6 24. d4 Rh6 25. dxe5 Rxh3 26. e6 Qg4 27. e7 Re8 28.
Qxf5 Qxf5 29. Rxf5 Rh6 30. Ref1 Nd7 31. Rf7 Rg6 32. Kg2 a5 33. Kh3 Rh6+ 34. Kg4
Rg6+ 35. Kh5 b5 36. Rxh7 Rf6 37. Rh8+ Kxh8 38. Rxf6 Nxf6+ 39. Kg6 Kg8 40. Bxf6
bxc4 41. bxc4 d5 42. cxd5 cxd5 43. h4 1-0

[Event "1. liga - V 17/18"]
[Site ""]
[Date "2018.01.07"]
[Round "5.8"]
[White "Pavera, Vit"]
[Black "Horak, Jan"]
[Result "1-0"]
[WhiteElo "1995"]
[BlackElo "1852"]
[PlyCount "0"]
[WhiteTeam "KVS Ekodivize Opava"]
[BlackTeam "Panda Rychnov nad Kneznou A"]
[EventDate "2017.10.22"]

1. e4 c5 2. Nc3 Nc6 3. Bb5 d6 4. f4 a6 5. Bxc6+ bxc6 6. Nf3 Nf6 7. O-O e6 8. d3
d5 9. e5 Nd7 10. Na4 Be7 11. c4 O-O 12. Bd2 Qc7 13. Qe1 Qa7 14. Ba5 Bd8 15.
Bxd8 Rxd8 16. Qh4 Re8 17. Ng5 h6 18. Rf3 Nf8 19. Nh3 Rb8 20. g4 Ng6 21. Qf2 Rd8
22. b3 dxc4 23. dxc4 Bb7 24. Nxc5 Ba8 25. Qe3 Nh4 26. Rg3 h5 27. Nf2 hxg4 28.
Nxg4 Nf5 29. Nf6+ Kf8 30. Nxe6+ fxe6 31. Qxa7 Rb7 32. Qc5+ Kf7 33. Ne4 Nxg3 34.
hxg3 1-0

[Event "1. liga - V 17/18"]
[Site ""]
[Date "2018.01.07"]
[Round "5.1"]
[White "Kanovsky, David"]
[Black "Petrik, Tomas"]
[Result "1-0"]
[WhiteElo "2408"]
[BlackElo "2490"]
[PlyCount "0"]
[WhiteTeam "SK Stare Mesto"]
[BlackTeam "TZ Trinec"]
[EventDate "2017.10.22"]

1. c4 Nf6 2. Nc3 e6 3. Nf3 c5 4. g3 b6 5. Bg2 Bb7 6. O-O Be7 7. d4 cxd4 8. Qxd4
d6 9. Rd1 a6 10. b3 Nbd7 11. Ng5 Bxg2 12. Kxg2 O-O 13. Bb2 Qc7 14. Nge4 Ne8 15.
Rac1 h6 16. f3 Qb7 17. Ba3 Nc5 18. Nxc5 bxc5 19. Qe4 Qc8 20. f4 Nf6 21. Qf3 Rd8
22. Rd2 Ra7 23. e4 Nh7 24. Rcd1 Rad7 25. Na4 Qc7 26. Bb2 Bf6 27. Bxf6 Nxf6 28.
Nc3 Nh7 29. Rd3 Nf8 30. R1d2 Ng6 31. Qd1 Ne7 32. Na4 Kf8 33. Kg1 Ke8 34. Qg4
Kf8 35. f5 exf5 36. exf5 d5 37. cxd5 Rxd5 38. Rxd5 Rxd5 39. Rxd5 Nxd5 40. Qc4
Qe5 41. Qxc5+ Kg8 42. Qf2 Nf6 43. Nb2 Ng4 44. Qd2 Qc5+ 45. Kg2 Ne3+ 46. Kf3
Nxf5 47. Nc4 Nd4+ 48. Ke4 f5+ 49. Kd3 Nf3 50. Qe2 Qd5+ 51. Kc3 Kh7 52. h4 Qd4+
53. Kb4 Qg4 54. Qf2 f4 55. gxf4 Nxh4 56. Ne5 Qh3 57. Qc2+ Kh8 58. Nf7+ Kg8 59.
Qc4 a5+ 60. Kxa5 Qf5+ 61. Ne5+ Kh8 62. b4 g5 63. Qf7 Qxf4 64. Qxf4 gxf4 65. b5
f3 66. Nd3 Ng6 67. b6 Ne5 68. b7 Kg7 69. Kb5 Nd7 70. a4 Kf6 71. a5 Kf5 72. a6
Ke4 73. Nf2+ Ke3 74. Nh3 1-0

[Event "1. liga - V 17/18"]
[Site ""]
[Date "2018.01.07"]
[Round "5.2"]
[White "Chytilek, Roman"]
[Black "Sosna, Jan"]
[Result "1/2-1/2"]
[WhiteElo "2332"]
[BlackElo "2332"]
[PlyCount "0"]
[WhiteTeam "TZ Trinec"]
[BlackTeam "SK Stare Mesto"]
[EventDate "2017.10.22"]

1. d4 d5 2. c4 e6 3. Nf3 c6 4. e3 Nd7 5. Bd3 dxc4 6. Bxc4 Bd6 7. e4 b5 8. Bb3
Bb7 9. e5 Bb4+ 10. Nc3 Ne7 11. O-O O-O 12. Bg5 h6 13. Bh4 Qe8 14. Qd3 Nf5 15.
Bc2 Bxc3 16. g4 Bxd4 17. gxf5 Nxe5 18. Nxe5 Bxe5 19. Rfe1 Bc7 20. fxe6 f5 21.
e7 Qg6+ 22. Kf1 Rfe8 23. Qxf5 Qxf5 24. Bxf5 g5 25. Bg3 Bxg3 26. hxg3 Kf7 27.
Rad1 Rxe7 1/2-1/2

[Event "1. liga - V 17/18"]
[Site ""]
[Date "2018.01.07"]
[Round "5.3"]
[White "Husek, Martin"]
[Black "Nedela, Vlastimil"]
[Result "0-1"]
[WhiteElo "2182"]
[BlackElo "2325"]
[PlyCount "0"]
[WhiteTeam "SK Stare Mesto"]
[BlackTeam "TZ Trinec"]
[EventDate "2017.10.22"]

1. d4 Nf6 2. c4 e6 3. Nc3 Bb4 4. e3 O-O 5. Bd3 d5 6. Nf3 dxc4 7. Bxc4 c5 8. O-O
a6 9. a3 cxd4 10. axb4 dxc3 11. bxc3 Qc7 12. Qb3 Nc6 13. Bb2 e5 14. h3 b5 15.
Be2 Be6 16. c4 Rfb8 17. Rfc1 bxc4 18. Bxc4 Rxb4 19. Qa2 Bxc4 20. Rxc4 Qb7 21.
Bxe5 Nxe5 22. Nxe5 Rb2 23. Qa4 Rb5 24. Rc7 Qxc7 25. Qxb5 Re8 26. Rxa6 Qxe5 0-1

[Event "1. liga - V 17/18"]
[Site ""]
[Date "2018.01.07"]
[Round "5.4"]
[White "Walek, Milan"]
[Black "Bazant, Petr"]
[Result "1-0"]
[WhiteElo "2288"]
[BlackElo "2305"]
[PlyCount "0"]
[WhiteTeam "TZ Trinec"]
[BlackTeam "SK Stare Mesto"]
[EventDate "2017.10.22"]

1. e4 e5 2. Bc4 Nc6 3. d3 Nf6 4. Nc3 Bc5 5. f4 d6 6. Nf3 Ng4 7. Qe2 Bf2+ 8. Kf1
Nd4 9. Nxd4 Bxd4 10. f5 h5 11. h3 Qh4 12. g3 1-0

[Event "1. liga - V 17/18"]
[Site ""]
[Date "2018.01.07"]
[Round "5.5"]
[White "Bazant, Petr"]
[Black "Fargac, Martin"]
[Result "1/2-1/2"]
[WhiteElo "2234"]
[BlackElo "2257"]
[PlyCount "0"]
[WhiteTeam "SK Stare Mesto"]
[BlackTeam "TZ Trinec"]
[EventDate "2017.10.22"]

1. d4 Nf6 2. c4 c6 3. Nf3 d5 4. e3 Nbd7 5. Nc3 e6 6. Qc2 Be7 7. b3 O-O 8. Bd3
b6 9. O-O Bb7 10. Bb2 Rc8 11. e4 dxe4 12. Nxe4 c5 13. dxc5 Nxe4 14. Bxe4 Bxe4
15. Qxe4 Nxc5 16. Qg4 Bf6 17. Rad1 Qe7 18. Be5 Rfd8 19. Qf4 Nd3 20. Bxf6 Qxf6
21. Qxf6 gxf6 22. Rd2 Ne5 23. Nd4 Rd6 24. Rfd1 Rcd8 25. Kf1 Nc6 26. Nf3 Rxd2
27. Rxd2 Rxd2 28. Nxd2 Kf8 29. Ke2 Ke7 30. a3 f5 31. f4 f6 32. Kd3 e5 33. g3
Kd6 34. Nf1 Nd4 35. b4 Ke6 36. Ne3 Nf3 37. Nf1 h5 38. Ke2 Nd4+ 39. Kd3 Nf3 40.
Ke2 Nd4+ 41. Kd3 Nf3 42. Ke2 Nd4+ 43. Kd3 1/2-1/2

[Event "1. liga - V 17/18"]
[Site ""]
[Date "2018.01.07"]
[Round "5.6"]
[White "Sikora, Jan"]
[Black "Skalsky, Alexandr"]
[Result "0-1"]
[WhiteElo "2232"]
[BlackElo "2046"]
[PlyCount "0"]
[WhiteTeam "TZ Trinec"]
[BlackTeam "SK Stare Mesto"]
[EventDate "2017.10.22"]

1. e4 c5 2. Nc3 Nc6 3. Nf3 g6 4. d4 cxd4 5. Nxd4 Bg7 6. Be3 Nf6 7. Nb3 O-O 8.
Be2 d6 9. f4 a6 10. Bf3 e5 11. O-O exf4 12. Bxf4 Ne5 13. Qe2 Qc7 14. Rad1 Be6
15. Qf2 Rac8 16. Nd4 Nfd7 17. Bc1 Bc4 18. Rfe1 b5 19. a3 Kh8 20. Kh1 Nb6 21.
Be3 Na4 22. Nxa4 bxa4 23. Be2 Rb8 24. Bc1 Rfc8 25. Bxc4 Qxc4 26. Qe2 Qxe2 27.
Rxe2 Nc4 28. c3 Rb6 29. Rf1 Kg8 30. Kg1 Rcb8 31. Rff2 Ne5 32. Rf1 Nd3 33. Rd1
Nxc1 34. Rxc1 Rxb2 35. Kf2 Rxe2+ 36. Kxe2 Rb2+ 37. Kf3 Ra2 38. Rb1 Rxa3 39.
Rb8+ Bf8 40. Ne2 Rb3 41. Ra8 Rb6 42. Ke3 a3 43. Nc1 Rb1 44. Kd2 a2 0-1

[Event "1. liga - V 17/18"]
[Site ""]
[Date "2018.01.07"]
[Round "5.7"]
[White "Horsak, Jan"]
[Black "Frolik, Martin"]
[Result "1/2-1/2"]
[WhiteElo "2090"]
[BlackElo "2182"]
[PlyCount "0"]
[WhiteTeam "SK Stare Mesto"]
[BlackTeam "TZ Trinec"]
[EventDate "2017.10.22"]

1. c4 e6 2. g3 d5 3. Bg2 Nf6 4. Nf3 c5 5. O-O Nc6 6. d3 Be7 7. Na3 O-O 8. Bd2
d4 9. Rb1 e5 10. Nc2 a5 11. a3 a4 12. b4 axb3 13. Rxb3 Qc7 14. Qb1 Ne8 15. e3
Ra4 16. exd4 cxd4 17. Nb4 Nxb4 18. Bxb4 Bxb4 19. axb4 f6 20. Rc1 Be6 21. b5 Qa5
22. Qc2 b6 23. Qe2 Bf7 24. Rb2 Nc7 25. Nh4 g6 26. Qg4 Ne6 27. Bd5 Ra1 28. Rbc2
Rxc1+ 29. Rxc1 Qa3 30. Rd1 Ng7 31. Qd7 Qa4 32. Rf1 Qa5 33. f4 exf4 34. Bxf7+
Rxf7 35. Qd8+ Rf8 36. Qxd4 g5 37. Nf5 Nxf5 38. Qd5+ Kg7 39. Qxf5 fxg3 40. hxg3
Qc3 41. Qd5 Rf7 42. Kg2 Qd2+ 43. Rf2 Qe3 44. Qf5 h5 45. Qf3 Qxf3+ 46. Kxf3 f5
47. d4 f4 48. g4 hxg4+ 49. Kxg4 Kf6 50. Rh2 Kg6 51. c5 f3 52. Kg3 bxc5 53. dxc5
Rf5 54. b6 Rxc5 55. Rb2 Rc8 56. b7 Rb8 57. Kxf3 Kf5 58. Rb6 Ke5 1/2-1/2

[Event "1. liga - V 17/18"]
[Site ""]
[Date "2018.01.07"]
[Round "5.8"]
[White "Sikorova, Olga"]
[Black "Mrkus, Frantisek"]
[Result "1-0"]
[WhiteElo "2205"]
[BlackElo "2025"]
[PlyCount "0"]
[WhiteTeam "TZ Trinec"]
[BlackTeam "SK Stare Mesto"]
[EventDate "2017.10.22"]

1. c4 Nf6 2. g3 c6 3. Bg2 d5 4. Nf3 h6 5. O-O Bf5 6. cxd5 cxd5 7. Qb3 Qc8 8. d3
e6 9. Bf4 Nc6 10. Rc1 Nh5 11. Be3 Qd7 12. Qa4 Bh7 13. Nbd2 Bd6 14. Nb3 Ne5 15.
Qh4 Nf6 16. Nc5 Qb5 17. a4 Qxb2 18. Bd4 Qxe2 19. Nxe5 Bxe5 20. Bf1 Qg4 21. Bxe5
1-0

[Event "1. liga - V 17/18"]
[Site ""]
[Date "2018.01.07"]
[Round "5.1"]
[White "Klima, Lukas"]
[Black "Biolek, Richard"]
[Result "1/2-1/2"]
[WhiteElo "2312"]
[BlackElo "2456"]
[PlyCount "0"]
[WhiteTeam "TJ Ostrava "A""]
[BlackTeam "Agentura 64 Grygov"]
[EventDate "2017.10.22"]

1. e4 e5 2. Nf3 Nc6 3. Bb5 a6 4. Ba4 Nf6 5. O-O b5 6. Bb3 Bc5 7. Nxe5 Nxe5 8.
d4 Bxd4 9. Qxd4 d6 10. c3 Bb7 11. f3 O-O 12. Bg5 h6 1/2-1/2

[Event "1. liga - V 17/18"]
[Site ""]
[Date "2018.01.07"]
[Round "5.2"]
[White "Obsivac, Josef"]
[Black "Koziol, Kamil"]
[Result "1/2-1/2"]
[WhiteElo "2335"]
[BlackElo "2293"]
[PlyCount "0"]
[WhiteTeam "Agentura 64 Grygov"]
[BlackTeam "TJ Ostrava "A""]
[EventDate "2017.10.22"]

1. d4 Nf6 2. c4 e6 3. Nf3 d5 4. Nc3 dxc4 5. e3 a6 6. a4 c5 7. Bxc4 Nc6 8. O-O
Be7 9. Qe2 cxd4 10. Rd1 O-O 11. exd4 Nb4 12. Ne5 Bd7 13. Bg5 h6 14. Bxf6 Bxf6
15. d5 exd5 16. Nxd5 Nxd5 17. Rxd5 Bxe5 18. Qxe5 Qc8 19. Rc5 Bc6 20. Qf4 Qd7
21. a5 1/2-1/2

[Event "1. liga - V 17/18"]
[Site ""]
[Date "2018.01.07"]
[Round "5.3"]
[White "Malik, Jan"]
[Black "Biolek, Richard"]
[Result "1/2-1/2"]
[WhiteElo "2270"]
[BlackElo "2410"]
[PlyCount "0"]
[WhiteTeam "TJ Ostrava "A""]
[BlackTeam "Agentura 64 Grygov"]
[EventDate "2017.10.22"]

1. e4 e5 2. Nf3 Nc6 3. Bc4 Be7 4. d3 Nf6 5. O-O O-O 6. Re1 d6 7. c3 Na5 8. Bb5
a6 9. Ba4 b5 10. Bc2 c5 11. Nbd2 Nc6 12. Nf1 h6 13. Ng3 Be6 14. d4 cxd4 15.
cxd4 Bg4 16. Nf5 Bxf5 17. exf5 Nxd4 18. Nxd4 exd4 19. Qxd4 Rc8 20. Bb3 d5 21.
Be3 Bc5 22. Qd3 Bxe3 23. Rxe3 Re8 24. Rd1 Rxe3 25. Qxe3 Qd6 26. g3 Re8 27. Qf3
Re5 28. Rc1 Re8 29. Rd1 Re5 30. Rc1 Re8 31. Rd1 1/2-1/2

[Event "1. liga - V 17/18"]
[Site ""]
[Date "2018.01.07"]
[Round "5.4"]
[White "Fuksik, Jakub"]
[Black "Brecka, Ivan"]
[Result "0-1"]
[WhiteElo "2187"]
[BlackElo "2310"]
[PlyCount "0"]
[WhiteTeam "Agentura 64 Grygov"]
[BlackTeam "TJ Ostrava "A""]
[EventDate "2017.10.22"]

1. e4 e5 2. Nf3 Nf6 3. Nxe5 d6 4. Nc4 Nxe4 5. d4 d5 6. Ne3 Qf6 7. Qe2 Be6 8. c3
Nd7 9. Nd2 O-O-O 10. g3 Qg6 11. Bg2 f5 12. f3 Nxd2 13. Bxd2 f4 14. gxf4 Bd6 15.
f5 Bxf5 16. Nxf5 Qxf5 17. O-O-O Rde8 18. Qf1 Rhf8 19. h4 Re7 20. Re1 Rfe8 21.
Rxe7 Rxe7 22. Qf2 Bf4 23. Re1 Kd8 24. Rxe7 Kxe7 25. Bxf4 Qxf4+ 26. Qd2 Qxh4 27.
Qe3+ Kd6 28. f4 Qe7 29. Qxe7+ Kxe7 30. Bxd5 c6 31. Bf3 Nf6 32. c4 Ke6 33. Kd2
h5 34. b4 h4 35. b5 cxb5 36. cxb5 b6 37. Bg2 Nd5 38. f5+ Kd6 39. Be4 h3 40. a3
h2 41. a4 Ne7 0-1

[Event "1. liga - V 17/18"]
[Site ""]
[Date "2018.01.07"]
[Round "5.5"]
[White "Splichal, Stanislav"]
[Black "Zatloukal, Petr"]
[Result "0-1"]
[WhiteElo "2176"]
[BlackElo "2059"]
[PlyCount "0"]
[WhiteTeam "TJ Ostrava "A""]
[BlackTeam "Agentura 64 Grygov"]
[EventDate "2017.10.22"]

1. d4 Nf6 2. Nf3 g6 3. g3 Bg7 4. Bg2 O-O 5. O-O d5 6. c4 Nc6 7. cxd5 Nxd5 8.
Nc3 Nb6 9. e3 Re8 10. h3 e5 11. d5 Na5 12. e4 c6 13. b3 cxd5 14. exd5 e4 15.
Nd4 Nxd5 16. Bb2 f5 17. Nde2 Be6 18. Na4 Bxb2 19. Nxb2 Nc6 20. Nc4 b5 21. Ne3
Nxe3 22. Qxd8 Rexd8 23. fxe3 Rd2 24. Nf4 Bf7 25. Rf2 Rad8 26. Bf1 a6 27. Rxd2
Rxd2 28. Ne2 Nb4 29. a4 Nc2 30. Rb1 Nxe3 31. axb5 axb5 32. Kf2 Nxf1 33. Kxf1
Rd3 34. b4 Bc4 0-1

[Event "1. liga - V 17/18"]
[Site ""]
[Date "2018.01.07"]
[Round "5.6"]
[White "Zvolanek, Libor"]
[Black "Hladik, Oto"]
[Result "1/2-1/2"]
[WhiteElo "2144"]
[BlackElo "2177"]
[PlyCount "0"]
[WhiteTeam "Agentura 64 Grygov"]
[BlackTeam "TJ Ostrava "A""]
[EventDate "2017.10.22"]

1. Nf3 Nf6 2. g3 b5 3. Bg2 Bb7 4. O-O e6 5. d3 d5 6. Nbd2 Nbd7 7. e4 dxe4 8.
dxe4 e5 9. Qe2 a6 10. Rd1 Bc5 11. Nb3 Qe7 12. Nh4 O-O 13. Bg5 Bb6 14. Bh3 Qe8
15. Bxd7 Nxd7 16. Qg4 Qe6 17. Nf5 Nf6 18. Bxf6 Qxf6 19. Rd3 h5 20. Qe2 g6 21.
Nh4 Rad8 22. Rad1 Rxd3 23. cxd3 Qe6 24. Rc1 Rd8 25. Nc5 Bxc5 26. Rxc5 Qd6 27.
b4 Qxd3 28. Qxd3 Rxd3 29. Rxe5 Rd4 30. Rc5 Bxe4 31. f3 Bd5 32. a3 c6 33. Rc3
Rd1+ 34. Kg2 Rd2+ 35. Kh3 Kg7 36. g4 hxg4+ 37. fxg4 Be4 38. Kg3 f6 39. Nf3 Rd1
40. h4 Kf7 41. g5 Bd5 42. Kf2 Rh1 43. Kg3 Rd1 44. Kf2 fxg5 45. hxg5 Ke6 46.
Re3+ Kf5 47. Rc3 Kf4 48. Ke2 Ra1 49. Nd4 Ra2+ 50. Ke1 Kxg5 51. Rg3+ Kf4 52.
Rxg6 Rxa3 53. Kd2 Be4 54. Ne2+ Ke5 55. Rg5+ Kd6 56. Nc3 Bd5 57. Rg3 Rb3 58.
Ne4+ Ke5 59. Rxb3 Bxb3 60. Nc5 Kd4 61. Nxb3+ Kc4 62. Na5+ Kxb4 63. Nxc6+ Ka4
64. Kc2 1/2-1/2

[Event "1. liga - V 17/18"]
[Site ""]
[Date "2018.01.07"]
[Round "5.7"]
[White "Pacl, Vaclav"]
[Black "Svancara, Petr"]
[Result "0-1"]
[WhiteElo "2104"]
[BlackElo "2117"]
[PlyCount "0"]
[WhiteTeam "TJ Ostrava "A""]
[BlackTeam "Agentura 64 Grygov"]
[EventDate "2017.10.22"]

1. Nf3 Nf6 2. e3 b6 3. d4 Bb7 4. c4 e6 5. Nc3 Bb4 6. Bd2 O-O 7. Bd3 d5 8. O-O
dxc4 9. Bxc4 Nbd7 10. Qe2 Qe7 11. Rfd1 a6 12. a3 Bd6 13. e4 e5 14. d5 Ne8 15.
Rac1 g6 16. Bh6 Ng7 17. Rc2 f6 18. Rdc1 b5 19. Ba2 Rf7 20. Nd1 Nb6 21. Ne3 Re8
22. Qd2 Bc8 23. h3 Nh5 24. Ng4 Kh8 25. Be3 Bd7 26. Qa5 Nf4 27. Qxa6 h5 28. Ngh2
g5 29. Ne1 g4 30. hxg4 hxg4 31. Nf1 Rh7 32. f3 f5 33. Ng3 Qh4 34. Nxf5 Bxf5 35.
exf5 Qh1+ 36. Kf2 g3+ 0-1

[Event "1. liga - V 17/18"]
[Site ""]
[Date "2018.01.07"]
[Round "5.8"]
[White "Bares, Jachym"]
[Black "Skola, Miroslav"]
[Result "0-1"]
[WhiteElo "2060"]
[BlackElo "2099"]
[PlyCount "0"]
[WhiteTeam "Agentura 64 Grygov"]
[BlackTeam "TJ Ostrava "A""]
[EventDate "2017.10.22"]

1. e4 e6 2. d4 d5 3. Nc3 Nf6 4. Bg5 Be7 5. e5 Nfd7 6. h4 h6 7. Bxe7 Qxe7 8. Bd3
a6 9. Qg4 O-O 10. Rh3 c5 11. Rg3 f5 12. exf6 Nxf6 13. Qg6 cxd4 14. Nb1 e5 15.
Nd2 Nc6 16. O-O-O Kh8 17. Re1 e4 18. f4 Bd7 19. Nh3 Be8 20. Qf5 g6 21. Rxg6 Qh7
22. h5 Bd7 23. Qxf6+ Rxf6 24. Rxf6 exd3 0-1

[Event "1. liga - V 17/18"]
[Site ""]
[Date "2018.01.07"]
[Round "5.1"]
[White "Jasny, Stanislav"]
[Black "Haba, Petr"]
[Result "1/2-1/2"]
[WhiteElo "2377"]
[BlackElo "2439"]
[PlyCount "0"]
[WhiteTeam "BSS Frydek-Mistek "B""]
[BlackTeam "SK Gordic"]
[EventDate "2017.10.22"]

1. d4 e6 2. c4 Nf6 3. Nf3 Bb4+ 4. Nbd2 b6 5. a3 Bxd2+ 6. Qxd2 Bb7 7. e3 O-O 8.
Be2 d6 9. O-O Nbd7 10. b4 Ne4 11. Qc2 f5 12. d5 e5 13. Nd2 Nxd2 14. Bxd2 Qe7
15. f3 c5 16. Bd3 g6 17. f4 cxb4 18. axb4 b5 19. c5 dxc5 20. Bxb5 Bxd5 21. Bxd7
Qxd7 22. bxc5 exf4 23. exf4 Be4 24. Qc3 Rfd8 25. Bc1 Qd4+ 26. Qxd4 Rxd4 27. Bb2
Rd2 28. Rf2 Rxf2 29. Kxf2 a5 1/2-1/2